000
00278nam a22001337a 4500
008
170926b xxu||||| |||| 00| 0 eng d
020
_a
9781269691215
041
_a
eng
080
_a
37
100
_a
46
101
_a
EDU
245
_a
EDUCATION
_c
AKRAHAMS.J
942
_2
udc
_c
BK
999
_c
30027
_d
30027